[Event "16th Asian Games Rapid Women"]
[Site "Guangzhou CHN"]
[Date "2010.11.16"]
[Round "8"]
[White "Harika, Dronavalli"]
[Black "Tania, Sachdev"]
[Result "1/2-1/2"]
[WhiteTitle "IM"]
[BlackTitle "IM"]
[WhiteElo "2525"]
[BlackElo "2385"]
[WhiteFideId "5015197"]
[BlackFideId "5007844"]
[EventDate "2010.11.13"]

1. g3 Nf6 2. Bg2 c5 3. c4 g6 4. Nc3 Nc6 5. a3 Bg7 6. Rb1 d6 7. e4 a5 8. Nge2 e5
9. d3 O-O 10. O-O Bd7 11. h3 Rb8 12. Nb5 Ne8 13. Bd2 Nc7 14. Nxc7 Qxc7 15. Nc3
Qd8 16. Ne2 Qc7 17. Nc3 Nd4 18. b4 axb4 19. axb4 b5 20. Nd5 Qd8 21. Kh2 Be6 22.
bxc5 dxc5 23. Kg1 Bd7 24. Kh2 Be6 25. cxb5 Rxb5 26. Rxb5 Nxb5 27. Qc2 Bxd5 28.
exd5 Qd6 29. Rc1 Rc8 30. Qa4 Nd4 31. Be3 Bf8 32. Ra1 Nf5 33. Bc1 Nd4 34. Be3 Nf5
35. Bc1 Nd4 36. Qc4 Qf6 37. Be3 Rb8 38. Bxd4 cxd4 39. Ra2 h5 40. Qc6 Qe7 41. h4
Kg7 42. Be4 Rd8 43. Rc2 Rd6 44. Qc7 Rd7 45. Qc8 Rd8 46. Qc7 Qf6 47. Kg2 Bd6 48.
Qa5 Qe7 49. Kh2 f5 50. Bg2 e4 51. dxe4 fxe4 52. Bxe4 Qxe4 53. Qxd8 Qxc2 54. Qxd6
Qxf2+ 55. Kh3 Qf1+ 56. Kh2 d3 57. Qe7+ Kg8 58. Qe8+ Kg7 59. Qe7+ Kg8 60. Qe8+
Kg7 61. Qe7+ Kg8 62. Qe8+ Kg7 63. Qe7+ Qf7 64. Qe5+ Qf6 65. Qc7+ Qf7 66. Qe5+
Qf6 67. Qc7+ Kh6 68. Qc1+ Kg7 69. Qc7+ Kg8 70. Qb8+ Kg7 71. Qc7+ Kg8 72. Qb8+
Kf7 73. Qc7+ Kg8 74. Qb8+ Kf7 75. Qc7+ Kg8 76. Qb8+ Kf7 77. Qc7+ Kg8 78. Qb8+
Kf7 79. Qc7+ Kg8 80. Qb8+ Kf7 81. Qc7+ Kg8 82. Qb8+ Qf8 83. Qb6 Qf7 84. Qb8+ Kh7
85. d6 d2 86. Qc7 Qxc7 87. dxc7 d1=Q 88. c8=Q Qe2+ 89. Kh3 Qf1+ 90. Kh2 Qf2+ 91.
Kh3 Qg1 92. Qd7+ Kg8 93. Qe8+ Kg7 94. Qe7+ Kg8 95. Qd8+ Kg7 96. Qd7+ Kg8 97. Qc6
Kg7 98. Qb7+ Kg8 99. Qg2 Qd4 100. Kh2 Kg7 101. Qb7+ Kg8 102. Qb3+ Kg7 103. Qc2
Qe3 104. Kg2 Kf6 105. Qc6+ Qe6 106. Qc3+ Qe5 107. Qc6+ Qe6 108. Qf3+ Qf5 109.
Qe2 Kg7 110. Qe7+ Kg8 111. Qc7 Kf8 112. Qc3 Kf7 113. Qc7+ Kf8 114. Qd8+ Kf7 115.
Qd6 Kg7 116. Qe7+ Kg8 117. Qe3 Kf7 118. Qa7+ Kf8 119. Qd4 Kf7 120. Qe3 Kf8 121.
Qa3+ Kf7 122. Qb3+ Kf8 123. Qb4+ Kf7 124. Qc4+ Kg7 125. Qc3+ Kf7 126. Qc7+ Kf8
127. Qd6+ 1/2-1/2

[Event "16th Asian Games Rapid Women"]
[Site "Guangzhou CHN"]
[Date "2010.11.16"]
[Round "8"]
[White "Pourkashiyan, Atousa"]
[Black "Muminova, Nafisa"]
[Result "0-1"]
[WhiteTitle "WGM"]
[BlackTitle "WIM"]
[WhiteElo "2367"]
[BlackElo "2360"]
[WhiteFideId "12502014"]
[BlackFideId "14201526"]
[EventDate "2010.11.13"]

1. e4 e6 2. d4 d5 3. Nd2 Nf6 4. e5 Nfd7 5. c3 c5 6. Bd3 Nc6 7. Ne2 cxd4 8. cxd4
f6 9. exf6 Nxf6 10. Nf3 Bd6 11. O-O Qc7 12. Bg5 O-O 13. Bh4 Nh5 14. Qc2 h6 15.
Bh7+ Kh8 16. Bg6 Rxf3 17. Bxh5 Bxh2+ 18. Kh1 Rf5 19. Bg4 Bd6 20. Bxf5 exf5 21.
Rae1 Qf7 22. Bg3 Qc7 23. Bh4 Qf7 24. Bg3 Bb4 25. Nc3 Bd7 26. Qd2 Rf8 27. Be5 f4
28. f3 Be7 29. Bxf4 Qxf4 30. Qxf4 Rxf4 31. Nxd5 Rh4+ 32. Kg1 Bd6 33. Re4 Rxe4
34. fxe4 Nxd4 35. Rd1 Bg4 36. Rd2 Be5 37. Kf2 Bh5 38. Ke3 Ne6 39. Kf2 Nd4 40.
Ke3 Ne6 41. Rc2 Kh7 42. b3 Bg6 43. Rc8 Bh5 44. Rc2 Bg6 45. Rc8 Ng5 46. Nc3 Bxc3
47. Rxc3 Bxe4 48. g3 Bc6 49. Kf4 Kg6 50. Rd3 Kf6 51. Rd1 Ne6+ 52. Ke3 g5 53.
Rf1+ Kg6 54. Rd1 h5 55. b4 a6 56. a3 Kf5 57. Kf2 g4 58. Rd6 Ng5 59. Rd3 Ne4+ 60.
Kg1 Kg5 61. Kh2 h4 62. gxh4+ Kxh4 63. Rd8 g3+ 64. Kg1 Ng5 65. Rh8+ Kg4 66. Rg8
Bd5 67. Rg6 Kh5 68. Rg7 Kh6 69. Rd7 Nh3+ 70. Kf1 g2+ 0-1

[Event "16th Asian Games Rapid Women"]
[Site "Guangzhou CHN"]
[Date "2010.11.16"]
[Round "8"]
[White "Sukandar, Irine Kharisma"]
[Black "Geldyeva, Mekhri"]
[Result "1-0"]
[WhiteTitle "WGM"]
[BlackTitle "WGM"]
[WhiteElo "2382"]
[BlackElo "2279"]
[WhiteFideId "7101937"]
[BlackFideId "14000059"]
[EventDate "2010.11.13"]

1. e4 Nf6 2. e5 Nd5 3. c4 Nb6 4. d4 d6 5. exd6 Qxd6 6. Nc3 c6 7. Nf3 Bg4 8. Be3
Qf6 9. Ne4 Qf5 10. Ned2 Na6 11. a3 O-O-O 12. c5 Nd5 13. Bxa6 bxa6 14. Qa4 Qd3
15. Nc4 Bxf3 16. gxf3 Nxe3 17. fxe3 e5 18. Rd1 Qf5 19. Qxa6+ Kb8 20. Nxe5 Rc8
21. Nxc6+ Kc7 22. Qxa7+ Kxc6 23. d5+ Kb5 24. Qb6+ 1-0

[Event "16th Asian Games Rapid Women"]
[Site "Guangzhou CHN"]
[Date "2010.11.16"]
[Round "8"]
[White "Enkhtuul, Altanulzii"]
[Black "Dauletova, Gulmira"]
[Result "1-0"]
[WhiteTitle "WCM"]
[BlackTitle "WIM"]
[WhiteElo "2121"]
[BlackElo "2263"]
[WhiteFideId "4901444"]
[BlackFideId "13702971"]
[EventDate "2010.11.13"]

1. Nf3 Nf6 2. g3 g6 3. Bg2 Bg7 4. O-O O-O 5. c3 c5 6. d4 cxd4 7. Nxd4 d5 8. Nd2
e5 9. N4b3 Nc6 10. e4 Bg4 11. f3 Be6 12. exd5 Nxd5 13. Ne4 Qb6+ 14. Kh1 Rad8 15.
Qe2 h6 16. Nec5 Bf5 17. Rd1 Rfe8 18. Ne4 Kh7 19. c4 Bxe4 20. fxe4 Ndb4 21. Be3
Nd4 22. Bxd4 exd4 23. c5 Qe6 24. Qb5 Nc2 25. Rac1 Ne3 26. Re1 Re7 27. c6 bxc6
28. Rxc6 Qg4 29. Qd3 Nxg2 30. Kxg2 Rde8 31. h3 Qd7 32. Rc4 Qb7 33. Nd2 f5 34.
Kf3 Rf8 35. Kg2 fxe4 36. Nxe4 Rfe8 37. Kf3 Rf8+ 38. Kg2 Rfe8 39. Kf3 Rf8+ 40.
Kg2 Rfe8 41. Kf3 Qd5 42. Rc5 Qxa2 43. Re2 Qa1 44. Kg2 Rb8 45. Ng5+ hxg5 46. Rxe7
Rxb2+ 47. Re2 Rxe2+ 48. Qxe2 Qa3 49. Rxg5 Qd6 50. Qe4 Qf6 1-0

[Event "16th Asian Games Rapid Women"]
[Site "Guangzhou CHN"]
[Date "2010.11.16"]
[Round "8"]
[White "Paridar, Shadi"]
[Black "Nakhbayeva, Guliskhan"]
[Result "1-0"]
[WhiteTitle "WGM"]
[BlackTitle "WIM"]
[WhiteElo "2253"]
[BlackElo "2209"]
[WhiteFideId "12500666"]
[BlackFideId "13704788"]
[EventDate "2010.11.13"]

1. e4 e5 2. Bc4 Nf6 3. d3 Bc5 4. Nf3 Nc6 5. Nbd2 O-O 6. Bb3 d5 7. exd5 Nxd5 8.
Ne4 Be7 9. O-O h6 10. h3 Be6 11. Re1 Kh7 12. Ba4 f6 13. c3 Qd7 14. d4 exd4 15.
Nxd4 Bf7 16. Nxc6 bxc6 17. c4 Nb6 18. Qxd7 Nxd7 19. Bxc6 Rad8 20. Bf4 Ne5 21.
Bxe5 fxe5 22. c5 Rd4 23. a3 a5 24. Rac1 Bb3 25. Re2 Rfd8 26. Kh2 a4 27. Ng3 Bg5
28. Rce1 Bd2 29. Rg1 Bf4 30. Be4+ g6 31. h4 h5 32. Kh1 Kg7 33. Bf3 Be3 34. Ne4
Bh6 35. Ree1 Rc4 36. g3 Rc2 37. Re2 Rc4 38. Ree1 Rdd4 39. Kg2 Rc2 40. Bd1 Rxb2
41. Bxb3 Rxb3 42. Ng5 Kf6 43. Nh7+ Kf5 44. Re2 Rxa3 45. Rge1 e4 46. Ng5 Bxg5 47.
hxg5 Rc3 48. Ra2 Rxc5 49. f3 exf3+ 50. Kxf3 Kxg5 51. Kg2 Rc3 52. Re5+ Kg4 53.
Re6 Rxg3+ 54. Kh2 g5 55. Re5 Rh3+ 56. Kg1 Rhd3 57. Ree2 a3 58. Rf2 Rg3+ 59. Kh2
Rb4 60. Rac2 Rb2 61. Rc4# 1-0

[Event "16th Asian Games Rapid Women"]
[Site "Guangzhou CHN"]
[Date "2010.11.16"]
[Round "8"]
[White "Shamima, Akter Liza"]
[Black "Nur, Nabila Azman Hisham"]
[Result "1-0"]
[WhiteTitle "WFM"]
[BlackTitle "WCM"]
[WhiteElo "2161"]
[BlackElo "1845"]
[WhiteFideId "10202587"]
[BlackFideId "5702135"]
[EventDate "2010.11.13"]

1. d4 Nf6 2. c4 g6 3. Nc3 Bg7 4. e4 O-O 5. Be2 c5 6. d5 d6 7. Bg5 a6 8. a4 b6 9.
Qd2 Re8 10. h4 h5 11. f3 Nh7 12. Be3 e5 13. g4 f5 14. gxf5 gxf5 15. Bg5 Bf6 16.
Be3 Bg7 17. Bg5 Bf6 18. Nh3 f4 19. O-O-O Kh8 20. Rdg1 Ra7 21. Bxf6+ Qxf6 22. Ng5
Rg8 23. Nxh7 Kxh7 24. Bf1 Rag7 25. Rxg7+ Qxg7 26. Ne2 Bd7 27. b3 Qf6 28. Qe1 a5
29. Qf2 Na6 30. Rg1 Nb4 31. Kd2 Rxg1 32. Nxg1 Qg7 33. Bh3 Bxh3 34. Nxh3 Qg3 35.
Qxg3 fxg3 36. f4 exf4 37. Nxf4 Kg8 38. Ke2 Nc2 39. Kf3 Nd4+ 40. Kxg3 Nxb3 41.
Nxh5 Nd2 42. Kf4 Nxc4 43. Nf6+ Kf7 44. Nd7 Ke7 45. Nb8 Kf7 46. h5 Ne5 47. Nc6
Nd7 48. e5 Kg7 49. e6 Nf6 50. e7 Nxd5+ 51. Kg5 Nf6 52. Nd8 Ne8 53. h6+ Kh7 54.
Ne6 c4 55. Nf8+ Kh8 56. Ne6 c3 57. Kg6 c2 58. Ng5 Nf6 59. Kxf6 1-0

[Event "16th Asian Games Rapid Women"]
[Site "Guangzhou CHN"]
[Date "2010.11.16"]
[Round "8"]
[White "Bakri, Alia Anin Azwa"]
[Black "Hallaeva, Bahar"]
[Result "0-1"]
[WhiteTitle "WFM"]
[BlackTitle "WFM"]
[WhiteElo "1953"]
[BlackElo "2184"]
[WhiteFideId "5702712"]
[BlackFideId "14000679"]
[EventDate "2010.11.13"]

1. d4 Nf6 2. c4 e6 3. Nc3 Bb4 4. Bd2 O-O 5. Nf3 b6 6. e3 Bb7 7. Be2 d6 8. O-O
Nbd7 9. a3 Bxc3 10. Bxc3 Ne4 11. Qc2 f5 12. Rfd1 Ndf6 13. Be1 Qe8 14. Rac1 Rc8
15. Qb3 Kh8 16. Qc2 Qg6 17. Nh4 Qh6 18. Nf3 Ng5 19. Nxg5 Qxg5 20. d5 exd5 21.
Bf3 Ng4 22. Bxd5 c6 23. Bf3 Ne5 24. Qe2 Rcd8 25. Bc3 Nxf3+ 26. Qxf3 f4 27. exf4
Qxf4 28. Qxf4 Rxf4 29. b3 Re4 30. Rd2 Kg8 31. Rcd1 d5 32. cxd5 cxd5 33. h3 Rc8
34. Bd4 Kf7 35. Rd3 g6 36. Rc3 Rxc3 37. Bxc3 Ke6 38. Re1 Kf5 39. g4+ Kf4 40.
Bd2+ Kf3 41. Re3+ Rxe3 42. Bxe3 Ba6 43. a4 Be2 44. b4 Ke4 45. a5 bxa5 46. bxa5
a6 47. Bc1 d4 48. f4 Kf3 49. f5 gxf5 50. gxf5 Bc4 51. f6 d3 52. f7 Bxf7 53. Kf1
Bc4 54. Bd2 Kg3 55. h4 Kxh4 56. Bh6 d2+ 0-1

[Event "16th Asian Games Rapid Women"]
[Site "Guangzhou CHN"]
[Date "2010.11.16"]
[Round "8"]
[White "Al-Zarouni, Kholoud Essa"]
[Black "Mir Mahmoud, Afamia"]
[Result "0-1"]
[WhiteTitle "WFM"]
[WhiteElo "1864"]
[BlackElo "2010"]
[WhiteFideId "9301194"]
[BlackFideId "7600674"]
[EventDate "2010.11.13"]

1. e4 d6 2. d4 g6 3. Nf3 Bg7 4. Bd3 Nf6 5. O-O O-O 6. Re1 Nbd7 7. e5 dxe5 8.
dxe5 Ng4 9. Bf4 Nc5 10. Qd2 Nxd3 11. cxd3 f6 12. e6 g5 13. Nxg5 fxg5 14. Bg3 h6
15. h3 Nf6 16. Nc3 c5 17. h4 gxh4 18. Bxh4 b6 19. Ne4 Nd5 20. Rad1 Nf4 21. Ra1
Nd5 22. Rad1 Nf4 23. Ng3 Nd5 24. Ne4 Nf4 25. Ng3 Bxe6 26. Ne4 Bc8 27. Ng3 Be6
28. Nh5 Nxh5 29. Rxe6 Nf6 30. Qe2 Rf7 31. Re1 Qd4 32. Bxf6 Bxf6 33. Qh5 Qxd3 34.
Qxh6 Qh7 35. Qf4 Raf8 36. Qg3+ Rg7 37. Qb3 Rgf7 38. Qg3+ Qg7 39. Qd3 Qg5 40.
R6e3 Bg7 41. Rg3 Qf5 42. Qxf5 Rxf5 43. Rxe7 R5f7 44. Re2 Rd8 45. Kh2 Kf8 46.
Rge3 Bd4 47. Rf3 Rxf3 48. gxf3 Re8 49. Rxe8+ Kxe8 50. Kg3 Bxb2 51. f4 Kf7 52.
Kg4 Kf6 0-1

[Event "16th Asian Games Rapid Women"]
[Site "Guangzhou CHN"]
[Date "2010.11.16"]
[Round "8"]
[White "Saleh, Nora Mohd"]
[Black "Nodirjanova, Nodira"]
[Result "0-1"]
[WhiteTitle "WIM"]
[WhiteElo "1884"]
[BlackElo "2149"]
[WhiteFideId "9301607"]
[BlackFideId "14201232"]
[EventDate "2010.11.13"]

1. d4 d5 2. c4 dxc4 3. Nf3 Nf6 4. e3 e6 5. Bxc4 c5 6. O-O a6 7. a4 Nc6 8. Qe2
Qc7 9. Nc3 Bd6 10. h3 O-O 11. Rd1 b6 12. d5 exd5 13. Bxd5 Rb8 14. e4 Ne5 15. Bg5
Nfd7 16. Rac1 h6 17. Be3 Ng6 18. Bc4 Ra8 19. Qd2 Bf4 20. Nd5 Bxe3 21. Nxc7 Bxd2
22. Rxd2 Ra7 23. Nd5 Re8 24. Nc3 Nf6 25. Rd6 Be6 26. Bxe6 Rxe6 27. Rxe6 fxe6 28.
Rd1 Rd7 29. Rc1 Ra7 30. Rd1 Rd7 31. Rxd7 Nxd7 32. Kf1 Nf6 33. Kg1 Nd7 34. Kf1
Nde5 35. Nxe5 Nxe5 36. Ke2 g5 37. Nd1 Kf7 38. Ne3 b5 39. axb5 axb5 40. Kd2 h5
41. Kc3 Nc6 42. Nc2 Kf6 43. f3 Ke5 44. Kd3 Kf4 45. Ne3 Kg3 46. Ke2 Ne5 47. Kf1
Nd3 48. Nd1 b4 49. Kg1 c4 50. Kf1 b3 51. Kg1 Nxb2 0-1

[Event "16th Asian Games Rapid Women"]
[Site "Guangzhou CHN"]
[Date "2010.11.16"]
[Round "8"]
[White "Uchida, Narumi"]
[Black "Kim, Hyoyoung"]
[Result "1-0"]
[WhiteTitle "WFM"]
[WhiteElo "1834"]
[BlackElo "1355"]
[WhiteFideId "7000677"]
[BlackFideId "13200585"]
[EventDate "2010.11.13"]

1. e4 e5 2. Nf3 Nc6 3. Bb5 a6 4. Ba4 Nf6 5. O-O Be7 6. Re1 b5 7. Bb3 O-O 8. h3
Bb7 9. d3 d6 10. Be3 Na5 11. Nc3 c5 12. Nd5 Nxb3 13. Nxe7+ Qxe7 14. axb3 h6 15.
Bd2 b4 16. Nh2 Bc8 17. Nf1 Be6 18. Ne3 Qd7 19. Qf3 Rfe8 20. Nc4 Rf8 21. Ne3 Rfe8
22. Nc4 Bxc4 23. dxc4 Kh7 24. Qd3 Re6 25. Be3 Nh5 26. Qd2 Rg6 27. Kh2 Qe7 28.
Qd1 Nf4 29. Bxf4 exf4 30. Qd5 Qg5 31. Qxg5 Rxg5 32. Red1 Rg6 33. Ra5 Re6 34. f3
f6 35. Rda1 g5 36. Rxa6 Rxa6 37. Rxa6 Kg6 38. Kg1 h5 39. Kf2 h4 40. Ra1 f5 41.
Re1 Kf6 42. Re2 Re5 43. exf5 Rxe2+ 44. Kxe2 Kxf5 45. Kd3 Ke6 46. c3 bxc3 47.
bxc3 d5 48. cxd5+ Kxd5 49. Ke2 c4 50. bxc4+ Kxc4 51. Kd2 Kc5 52. Kd3 Kd5 53. c4+
Kc5 54. Kc3 Kc6 55. Kd4 Kc7 56. Kd5 Kd8 57. c5 1-0

[Event "16th Asian Games Rapid Women"]
[Site "Guangzhou CHN"]
[Date "2010.11.16"]
[Round "8"]
[White "Boshra, Alshaeby"]
[Black "Byun, Sungwon"]
[Result "1-0"]
[BlackTitle "WCM"]
[WhiteElo "1807"]
[BlackElo "1612"]
[WhiteFideId "8102937"]
[BlackFideId "13200852"]
[EventDate "2010.11.13"]

1. d4 d5 2. c4 c6 3. Nf3 Nf6 4. e3 e6 5. Nbd2 Be7 6. Bd3 Nbd7 7. O-O O-O 8. e4
dxc4 9. Nxc4 b5 10. Nce5 Bb7 11. Nxd7 Qxd7 12. Bf4 Rac8 13. Qe2 a6 14. Rfd1 c5
15. dxc5 Bxc5 16. Bg5 Ng4 17. Bh4 Qd6 18. e5 Bxf3 19. gxf3 Qxe5 20. fxg4 Bd4 21.
Bxh7+ Kxh7 22. Qd3+ f5 23. Qxd4 Qxd4 24. Rxd4 fxg4 25. Rxg4 Rc2 26. Re4 Re8 27.
b3 Kg8 28. a4 Rc3 29. axb5 axb5 30. b4 Kf7 31. Ra7+ Kg6 32. Rg4+ Kh5 33. Raxg7
Rc4 34. R7g5+ Kh6 35. Rxc4 bxc4 36. Rc5 Rg8+ 37. Kf1 Rg4 38. Be7 Kg6 39. b5 Kf7
40. Bd6 Rd4 41. Rc7+ Kg6 42. Bg3 Rd1+ 43. Ke2 Rb1 44. Rc5 Rb4 45. Kd2 Ra4 46.
Kc3 Kf6 1-0

[Event "16th Asian Games Rapid Women"]
[Site "Guangzhou CHN"]
[Date "2010.11.16"]
[Round "9"]
[White "Tania, Sachdev"]
[Black "Hou, Yifan"]
[Result "0-1"]
[WhiteTitle "IM"]
[BlackTitle "GM"]
[WhiteElo "2385"]
[BlackElo "2591"]
[WhiteFideId "5007844"]
[BlackFideId "8602980"]
[EventDate "2010.11.13"]

1. d4 e6 2. c4 Nf6 3. Nf3 b6 4. g3 Bb4+ 5. Bd2 c5 6. Bg2 Bb7 7. Bxb4 cxb4 8. O-O
O-O 9. a3 Qe7 10. Nbd2 bxa3 11. bxa3 d6 12. Qb3 Nc6 13. Rac1 Rac8 14. Qb2 Na5
15. Qb4 Rc7 16. Rc3 Rfc8 17. Rfc1 h6 18. e3 Qf8 19. Ne1 Bxg2 20. Kxg2 e5 21. Qb2
Qe8 22. R3c2 Qe6 23. dxe5 dxe5 24. Nd3 Nd7 25. Qb4 Qg6 26. Rc3 Nb7 27. f3 Nbc5
28. Nf2 Nf6 29. Qb1 Qxb1 30. Rxb1 Nb7 31. Rb5 Nc5 32. Rb1 Nb7 33. Rb5 Nc5 34.
Rc2 Kf8 35. Kf1 Ne8 36. Nfe4 Nxe4 37. fxe4 f6 38. Rb4 Nd6 39. a4 Nb7 40. Nb3 Ke7
41. Ke2 Nd6 42. Nd2 Rc6 43. Kd3 h5 44. Rc3 Nb7 45. Ke2 Nc5 46. Ra3 a5 47. Rb1
Rd8 48. Ra2 Rcd6 49. Nb3 Nxe4 50. Rc1 Rd3 51. Nd4 Nc3+ 52. Rxc3 Rxc3 53. Nc6+
Kd7 54. Rd2+ Kxc6 55. Rxd8 Rxc4 0-1

[Event "16th Asian Games Rapid Women"]
[Site "Guangzhou CHN"]
[Date "2010.11.16"]
[Round "9"]
[White "Muminova, Nafisa"]
[Black "Zhao, Xue"]
[Result "0-1"]
[WhiteTitle "WIM"]
[BlackTitle "GM"]
[WhiteElo "2360"]
[BlackElo "2474"]
[WhiteFideId "14201526"]
[BlackFideId "8601283"]
[EventDate "2010.11.13"]

1. Nf3 Nf6 2. g3 d5 3. Bg2 Bg4 4. O-O Nbd7 5. h3 Bxf3 6. exf3 e6 7. d4 Be7 8.
Nd2 O-O 9. f4 Rc8 10. Nf3 c5 11. c3 b5 12. Be3 a5 13. Qe2 b4 14. Rac1 bxc3 15.
bxc3 Nb6 16. Ne5 Nfd7 17. Qg4 f5 18. Qe2 Nxe5 19. fxe5 Nc4 20. Kh2 Qc7 21. f4
Rb8 22. Rc2 Na3 23. Rcc1 Nc4 24. Qd3 Rb2 25. a4 Qd7 26. Ra1 cxd4 27. Bxd4 Rfb8
28. g4 g6 29. Qg3 Nd2 30. gxf5 exf5 31. Kh1 Ne4 32. Qe3 Bh4 33. Bxe4 dxe4 34.
Rad1 Qxa4 35. Rd2 Rxd2 36. Qxd2 Qc6 37. Qa2+ Kg7 38. Qg2 a4 39. Ra1 Be7 40. Kg1
a3 41. e6+ Kg8 42. Qf1 Qxe6 43. c4 Rc8 44. Rc1 Bc5 45. Bxc5 Rxc5 46. Qd1 Rc8 47.
c5 a2 48. Qd4 e3 49. Kf1 e2+ 50. Ke1 Qe4 51. Qxe4 fxe4 52. Ra1 Rxc5 53. Rxa2 Rf5
54. Kxe2 Rxf4 55. Ke3 Rf3+ 56. Kxe4 Rxh3 57. Ra7 Rh5 58. Kf4 Rf5+ 59. Kg4 Rf7 0-1

[Event "16th Asian Games Rapid Women"]
[Site "Guangzhou CHN"]
[Date "2010.11.16"]
[Round "9"]
[White "Pham, Le Thao Nguyen"]
[Black "Tuvshintugs, Batchimeg"]
[Result "1/2-1/2"]
[WhiteTitle "WIM"]
[BlackTitle "WGM"]
[WhiteElo "2337"]
[BlackElo "2327"]
[WhiteFideId "12401226"]
[BlackFideId "4900839"]
[EventDate "2010.11.13"]

1. d4 Nf6 2. Bf4 e6 3. e3 c5 4. c3 Qb6 5. Qc2 Nh5 6. Bg5 h6 7. Bh4 g5 8. Be2 Ng7
9. Bg3 Bd6 10. Nd2 Bxg3 11. hxg3 cxd4 12. exd4 d5 13. Ngf3 Qd8 14. Ne5 Nc6 15.
Ndf3 Nxe5 16. Nxe5 Bd7 17. Bd3 Ke7 18. Qe2 Be8 19. Ng4 h5 20. Qe5 Kf8 21. Nf6
Rh6 22. Nxe8 Nxe8 23. f4 gxf4 24. gxf4 Qf6 25. O-O-O Qxe5 26. fxe5 f5 27. exf6
Nxf6 28. Rde1 Re8 29. Re5 Ke7 30. Be2 Rg8 31. Bf3 Kd6 32. Kc2 h4 33. a4 Nd7 34.
Re3 Nb6 35. b3 Nd7 36. Rhe1 Rg3 37. c4 b6 38. a5 h3 39. gxh3 Rgxh3 40. Rxe6+
Rxe6 41. Rxe6+ Kxe6 42. Bg4+ Kd6 43. Bxh3 dxc4 44. bxc4 Nb8 45. axb6 axb6 46.
Bg2 Nd7 47. Kb3 Kc7 48. Kc3 Kd6 49. Kd3 Nf6 50. Bf3 Nd7 51. Kc3 Kc7 52. Kb4 Nf6
53. Kb5 Ne8 54. Kb4 Kd6 55. Bh5 Nf6 56. Bg6 Kc6 57. Kc3 Kd6 58. Kd3 Kc6 59. Ke3
Kd6 60. Kf4 Ng8 61. Be4 Ne7 62. Kg5 Ke6 63. Bh1 Nc8 64. Bd5+ Kd6 65. Bb7 Ne7 66.
Kf6 Ng8+ 67. Kf7 Nh6+ 68. Kg6 Ng4 69. Ba6 Ne3 70. Kg5 Nc2 71. d5 Na3 72. Kf5 b5
73. Bxb5 Nxb5 74. Ke4 Nc7 75. Kd4 Na6 1/2-1/2

[Event "16th Asian Games Rapid Women"]
[Site "Guangzhou CHN"]
[Date "2010.11.16"]
[Round "9"]
[White "Sukandar, Irine Kharisma"]
[Black "Harika, Dronavalli"]
[Result "0-1"]
[WhiteTitle "WGM"]
[BlackTitle "IM"]
[WhiteElo "2382"]
[BlackElo "2525"]
[WhiteFideId "7101937"]
[BlackFideId "5015197"]
[EventDate "2010.11.13"]

1. e4 e5 2. Nf3 Nc6 3. Bb5 Nge7 4. c3 a6 5. Ba4 g6 6. d4 exd4 7. cxd4 b5 8. Bb3
Bg7 9. O-O O-O 10. Nc3 d6 11. h3 Na5 12. Bc2 c5 13. Bg5 h6 14. Bf4 Nc4 15. b3
Na3 16. Bd3 g5 17. Be3 c4 18. Be2 b4 19. bxc4 bxc3 20. Qa4 Nxc4 21. Qxc4 d5 22.
Qxc3 dxe4 23. Ne5 Be6 24. Qc2 f5 25. Nc6 Nxc6 26. Qxc6 Qd5 27. Qxd5 Bxd5 28. f4
Rac8 29. Rfd1 Rc3 30. Kf2 Rb8 31. g3 Rb2 32. Rdc1 Rcc2 33. Rxc2 Rxc2 34. Rc1
Rxa2 35. Rc5 Be6 36. Rc6 gxf4 37. gxf4 Bd5 38. Rc5 Bf7 39. Kf1 Ra3 40. Kf2 Bf6
41. Bc4 Bxc4 42. Rxc4 Bh4+ 43. Ke2 Ra2+ 44. Bd2 Bg3 45. Rc8+ Kf7 46. Rc5 Ke6 47.
Kd1 Bf2 48. Re5+ Kf6 49. d5 Bd4 50. Re6+ Kf7 51. Bb4 Bf6 52. Bc5 Ra5 53. Rc6 Rb5
54. Rc7+ Ke8 55. Kd2 Bd8 56. Rc6 Ba5+ 57. Ke2 Kd7 58. Rd6+ Kc7 59. Ba3 Rb2+ 60.
Kf1 Rb3 61. Rc6+ Kb7 62. Bf8 Rxh3 63. Bxh6 Rd3 64. Rd6 Bc7 65. Rd7 Kc8 66. Rf7
Rxd5 67. Ke2 a5 68. Rf6 Kb7 69. Rf7 a4 70. Bg7 a3 71. Be5 Rxe5 0-1

[Event "16th Asian Games Rapid Women"]
[Site "Guangzhou CHN"]
[Date "2010.11.16"]
[Round "9"]
[White "Hoang, Thi Bao Tram"]
[Black "Paridar, Shadi"]
[Result "1/2-1/2"]
[WhiteTitle "WGM"]
[BlackTitle "WGM"]
[WhiteElo "2271"]
[BlackElo "2253"]
[WhiteFideId "12401102"]
[BlackFideId "12500666"]
[EventDate "2010.11.13"]

1. d4 Nf6 2. c4 e6 3. Nf3 Bb4+ 4. Bd2 c5 5. e3 Bxd2+ 6. Qxd2 cxd4 7. exd4 b6 8.
Nc3 Bb7 9. Be2 O-O 10. O-O d5 11. b3 dxc4 12. bxc4 Nc6 13. Rfd1 Ne7 14. Rac1 Ng6
15. h3 Qe7 16. Qe3 Rfd8 17. Nd2 Nh4 18. d5 Nf5 19. Qe5 exd5 20. Qxf5 d4 21. Bf3
dxc3 22. Rxc3 Bxf3 23. Qxf3 Rac8 24. Nf1 Rxd1 25. Qxd1 g6 26. Ne3 Rd8 27. Rd3
Rxd3 28. Qxd3 Qd7 29. Nd5 Nxd5 30. cxd5 f6 31. Qc4 Kf8 32. Qd3 Kg8 33. Qc4 Kf8
34. Qe4 Qe7 35. Qf3 Qe1+ 36. Kh2 Qe5+ 37. g3 Ke8 38. Qd3 Kd8 39. Qc4 Qd6 40. Kg1
Qc7 41. Qh4 Qe7 42. Kf1 Kc7 43. Qa4 Qc5 44. Qxa7+ Kd6 45. Qxh7 Qb5+ 46. Kg1 Qb1+
47. Kg2 Qe4+ 48. Kg1 Qe1+ 49. Kg2 Qe4+ 50. Kg1 Qe1+ 51. Kg2 1/2-1/2

[Event "16th Asian Games Rapid Women"]
[Site "Guangzhou CHN"]
[Date "2010.11.16"]
[Round "9"]
[White "Hallaeva, Bahar"]
[Black "Shamima, Akter Liza"]
[Result "1-0"]
[WhiteTitle "WFM"]
[BlackTitle "WFM"]
[WhiteElo "2184"]
[BlackElo "2161"]
[WhiteFideId "14000679"]
[BlackFideId "10202587"]
[EventDate "2010.11.13"]

1. e4 c5 2. c3 d5 3. exd5 Qxd5 4. d4 Nc6 5. Nf3 Nf6 6. Be2 e6 7. Na3 cxd4 8. Nb5
Qd8 9. Nbxd4 Nxd4 10. Qxd4 Be7 11. Qxd8+ Bxd8 12. Bf4 O-O 13. Bd6 Re8 14. O-O-O
a6 15. Bc5 b6 16. Bd4 Bb7 17. Bd3 Rc8 18. Rhe1 b5 19. Kb1 Nd5 20. Be4 b4 21.
cxb4 Be7 22. a3 f6 23. Ka1 Red8 24. Bc3 Ba8 25. Bd2 Rd7 26. Bd3 Rcd8 27. Bc4 Kf7
28. Bb3 Nc7 29. Bf4 Bxf3 30. Rxd7 Rxd7 31. Bxc7 Bd5 32. Bxd5 Rxd5 33. Bf4 a5 34.
bxa5 Rxa5 35. Rc1 Ra7 36. Rc7 Rxc7 37. Bxc7 Bc5 38. Bg3 e5 39. Kb1 Ke6 40. Kc2
Kd5 41. Kd3 f5 42. b4 Be7 43. f3 h5 44. Be1 Bd6 45. h3 e4+ 46. fxe4+ fxe4+ 47.
Ke3 g5 48. g3 Bb8 49. a4 Ba7+ 50. Ke2 Kc4 51. Bd2 Bb8 52. Bxg5 Kxb4 53. g4 hxg4
54. hxg4 Ba7 55. Bf6 Bc5 56. g5 Bf8 57. Ke3 Kxa4 58. Kxe4 Kb5 59. Kd5 Ba3 60. g6
Bf8 61. Ke6 Kc6 62. Kf7 Bh6 63. Bg5 1-0

[Event "16th Asian Games Rapid Women"]
[Site "Guangzhou CHN"]
[Date "2010.11.16"]
[Round "9"]
[White "Mir Mahmoud, Afamia"]
[Black "Geldyeva, Mekhri"]
[Result "0-1"]
[BlackTitle "WGM"]
[WhiteElo "2010"]
[BlackElo "2279"]
[WhiteFideId "7600674"]
[BlackFideId "14000059"]
[EventDate "2010.11.13"]

1. d4 d5 2. Nf3 Bf5 3. c4 c6 4. Qb3 Bc8 5. Nc3 Nf6 6. Bf4 e6 7. e3 Be7 8. Bd3
O-O 9. O-O Nh5 10. Bg3 Nxg3 11. hxg3 f5 12. Rac1 Nd7 13. Ne2 Rf6 14. cxd5 exd5
15. Qc2 Nf8 16. Nh4 Qd7 17. f4 Qe6 18. Qd2 Nd7 19. Nf3 Rh6 20. Kf2 Nf6 21. Ne5
Nd7 22. Nf3 Nf6 23. Ne5 Bd6 24. Rh1 Bxe5 25. dxe5 Ng4+ 26. Kf3 Rxh1 27. Rxh1 Bd7
28. Nd4 Bc8 29. Ne2 Bd7 30. Nd4 Qf7 31. Qb4 b6 32. Qd6 Re8 33. Nxc6 Bxc6 34.
Qxc6 Rxe5 35. Qc8+ Re8 36. Qxf5 Qxf5 37. Bxf5 Nxe3 38. Bxh7+ Kf7 39. Bd3 d4 40.
Re1 Re7 41. g4 Ke8 42. Re2 Kd7 43. g3 Kd6 44. Be4 Kc5 45. g5 a5 46. Bd3 b5 47.
g4 a4 48. Re1 a3 49. bxa3 Ra7 50. Rb1 Nc4 51. Bxc4 bxc4 52. f5 Rxa3+ 53. Ke4
Re3+ 54. Kf4 c3 55. f6 Re8 56. f7 Rf8 57. g6 Kc4 58. Ke4 c2 59. Rh1 d3 60. Ke3
Kc3 61. Kf2 d2 62. Rh3+ Kd4 0-1